00727nam a2200217 i 450000100060000000300090000600500170001500700030003200800410003510000280007624500520010425000180015626000560017430000220023049000240025265000340027683000290031085200320033999900170037195201210038880766ES-MaACL20250710062724.0t|041029s1958 fr ||||1| fre d1 aHourticq, Louis.96434110aHistoire de la Scupture / cpar Louis Hourticq. a[3ème ed.]. aParis : bPresses Universitaires de France, c1958. a128 p. ; c18 cm.1 aQue sais-je? ; v74 4aEscultura-vHistoria.915106600aQue sais-je?v749180931 aES-MaACLjC-15591 bR.43422 c80766d80766 00104070aATENEOMbATENEOMcFICHd2008-01-17eSCl0oC-15591p1084440r2023-02-23 00:00:00w2023-02-23yMONOGRAFIA